000 01963cam a2200337 a 4500
005 20260322212100.0
008 data
010 _a 2009279010
020 _a9780761141457 (pbk.)
020 _a0761141456 (pbk.)
040 _aBTCTA
_cBTCTA
_dDLC
_dWIQ
_dIH7
_dYDXCP
_dVP@
_dJRS
_dKUA
_dABG
_dFER
_dDLC
042 _alccopycat
050 0 0 _aHF5382.7
_b.R44 2009
082 0 4 _a650.14/4
_222
092 _a650.14 R44 2009
100 1 _aReeves, Ellen Gordon.
245 1 0 _aCan I wear my nose ring to the interview? :
_bthe crash course : finding, landing, and keeping your first real job /
_cEllen Gordon Reeves.
260 _aNew York :
_bWorkman Pub.,
_cc2009.
300 _axii, 227 p. ;
_c23 cm.
500 _aIncludes index.
505 0 _aWelcome to Job, Inc. : set yourself up for success -- Working your network : finding and making the most of your connections -- The story in your résumé : the piece of paper that says it all -- The must-read cover letter : allow me to introduce myself -- Rallying your references : setting up your fan club -- Getting through the interview : preparation is everything -- Weighing the offer : what to say before "I'll take it" -- You've got the job : now what are you going to do? -- The art of moving on : (whether it's your choice or theirs).
520 _aThis guide is for anyone who's ready to get serious about the job search, in any economy. Start by approaching your search with a professional mind-set.
650 0 _aJob hunting
_vHandbooks, manuals, etc.
650 0 _aEmployment interviewing.
650 0 _aRésumés (Employment)
650 0 _aCover letters.
906 _a7
_bcbc
_ccopycat
_d2
_encip
_f20
_gy-gencatlg
925 0 _aacquire
_b2 shelf copies
_xpolicy default
001 data
999 _c1441
_d1441